| 000 | 00724nam a2200253Ia 4500 | ||
|---|---|---|---|
| 003 | OSt | ||
| 005 | 20220927105018.0 | ||
| 006 | a|||||r|||| 00| 0 | ||
| 007 | ta | ||
| 008 | 220926b |||||||| |||| 00| 0 eng d | ||
| 024 | _a187698 | ||
| 037 | _cReference Collections | ||
| 040 |
_aRTL _cRTL _beng |
||
| 041 |
_2eng _aeng |
||
| 082 | _a"X621.298.N65r, K5/GD" | ||
| 110 |
_aCENTRAL BANK OF CEYLON. _9369368 |
||
| 245 | 0 | _aAnnual report 1964. | |
| 260 |
_aColombo _bCBC _c1965 |
||
| 300 |
_a152p. _ccm. |
||
| 500 | _aappendix: Chapetrised. | ||
| 700 |
_aCENTRAL BANK OF CEYLON. _9369369 |
||
| 942 |
_h"X621.298.N65r, K5/GD" _cCC |
||
| 999 |
_c690191 _d690191 |
||